| 000 | 00360nam a22001451a 4500 | ||
|---|---|---|---|
| 082 |
_aM1 _bKUN/T |
||
| 100 | _aKunhappa Pattannur | ||
| 245 |
_aTheranjedutha kavithakal/ _cby Kunhappa Pattannur |
||
| 260 |
_aKannur: _bkavitha, _c2002. |
||
| 300 | _a319p. | ||
| 650 | _aPoetry Malayalam | ||
| 650 | _aLiterature Malayalam | ||
| 650 | _aLiterature | ||
| 942 | _cBK | ||
| 999 |
_c46848 _d46848 |
||